000 00498nam a2200229Ia 4500
005 20251020182541.0
008 200515s9999 xx 000 0 und d
082 _a741/E24
110 _aEdiciones Ceac
245 0 _aTécnica de la delineación
250 _a3a ed.
260 _aBarcelona
260 _c1978
300 _a226
500 _a1 ejemplar
650 _aDELINEACION
650 _aDIBUJO
650 _aLIB
650 _aPERSPECTIVA
650 _aROTULACION
942 _cLIB
999 _c2399
_d2399